| 000 | 00942nam a2200229Ia 4500 | ||
|---|---|---|---|
| 001 | L239-11000 | ||
| 003 | IT-CnALBA | ||
| 008 | 170116s9999||||xx |||||||||||||| ||und|| | ||
| 040 |
_aIT-CnALBA _cIT-CnALBA |
||
| 041 | _aITALIANO | ||
| 100 | _aBAILLE LUIGI | ||
| 245 | 0 | _aCHE COSA È LA SCIENZA? | |
| 250 | _a1a ed. | ||
| 260 |
_a ROMA PARIS TOURNAI _bDESCLEE & C. EDIT. _c1907 [1° Ed.:1907 - Ed.Ling.Originale: 1907] |
||
| 300 | _a78 p. (prefazione: 5) | ||
| 500 | _aNOZIONE DI SCIENZA. CONDIZIONI PER UNA CONOSCENZA PERFETTA. RELATIVISMO. LA FILOSOFIA COME SCIENZA. CONCETTO DI SCIENZA. | ||
| 501 | _aSocietà San Paolo EM - Piazza San Paolo, 14 - 12051 ALBA (CN) (non commercial uses only) ® Copyright 2017 | ||
| 520 | _aNOZIONE DI SCIENZA. CONDIZIONI PER UNA CONOSCENZA PERFETTA. RELATIVISMO. LA FILOSOFIA COME SCIENZA. CONCETTO DI SCIENZA. | ||
| 650 | _aAPOLOGETICA E CONTROVERSIE | ||
| 942 | _cBK | ||
| 957 | _71 | ||
| 999 |
_a15753 _bSI _g Copie: 1 _c270177 _d270177 |
||